000 00759cam a2200217 a 4500
001 000017990
005 20200929165315.0
008 750114s1967 pr 000 0 spa d
040 _aDO-SdBNP
_bspa
_cLC
_dBNPHU
042 _apremarc
082 _aPR864.4408
_bA668ó
100 1 _aArce de Vazquez, Margot.
_98026
245 1 3 _aLa obra literaria de Jose de Diego /
_cMargot Arce De Vázquez.
260 _aSan Juan, Puerto Rico :
_bInstituto de Cultura Puertorriqueña,
_c1967.
300 _axvi, 673 p. ;
_c22 cm.
504 _aBibliografía: p. [667]-673.
600 1 0 _aDIEGO, JOSÉ DE,
_d1866-1918.
_xCOLECCIONES DE ESCRITOS
_94863
650 4 _aLiteratura puertorriqueña
_xColecciones
_917643
910 _aCatalogación por copia / LC
049 _aBNGR
999 _c17512
_d17512